01474nam a2200313 a 450000100100000000500170001000800410002704000250006808200130009311000730010624000350017924502090021426000400042330000190046359000760048253400540055850501560061250000450076870000300081370000240084370000250086770000260089270000250091870000320094370000450097504900090102095201140102999900170114300002323320200930022057.0101130s1966 mx 000 0 spa d aDO-SdBNPbspacBNPHU ann*bnn*1 aAcademia de Ciencias de la U.R.S.S.bInstituto de Filosofía94784110aIstoriia filosofii.lEspañol10aHistoria de la filosofía /cRedacción general M. A. Dynnik, M. T. Iovchuk, B. M. Kedrov, M. B. Mitin y O. V. Trajtenberg ; traducción José Laín, Augusto Vidal Roget y Adolfo Sánchez Vásquez. aMéxico, D. F. :bGrijalbo,c1966. av. 6 ;c21 cm. aPerteneció a la biblioteca personal de Juan Isidro Jimenes Grullón. aTítulo de la obra en ruso :tIstoriia filosofii0 gT. 6.tSegunda mitad del siglo xix. Desde la revolución socialista de octubre de 1917 hasta nuestros días. La filosofía marxista contemporánea. aLa biblioteca sólo posee el volumen 6.1 aTrajtenberg, O. V.9478421 aMitin, M. B.9478431 aKedrov, B. M.9478441 aIovchuk, M. T.9478451 aDynnik, M. A.9478461 aLaín, José,etr.9478471 aSánchez Vásquez, Adolfo,etr.947153 aBNGR 001054708MOaGRbGRcCTd2010-11-30iLF1l0ov. 6p23233-10r2020-06-25w2020-06-25y4ZPréstamo en sala c22730d22730